best militaries - Statistics

General Stats
  • This quiz has been taken 28 times
    22 since last reset
  • The average score is 17 of 20
Answer Stats
Hint Answer % Correct
7 france
100%
17 germany
100%
2 russia
100%
9 united kingdom
100%
1 usa
100%
3 china
94%
5 india
94%
8 italy
94%
6 south korea
94%
11 egypt
89%
4 japan
89%
12 pakistan
89%
18 poland
89%
10 turkey
89%
14 israel
83%
19 indonesia
72%
20 canada
67%
13 taiwan
56%
16 thailand
56%
15 austraila
0%
No matching quizzes found
Score Distribution
Percent of People with Each Score
Percentile by Number Answered
Your Score History
You have not taken this quiz since the last reset